| 000 | 00534nam a2200181Ia 4500 | ||
|---|---|---|---|
| 001 | 10648 | ||
| 005 | 20260306161847.0 | ||
| 008 | 260306t1985||||xx |||||||||||||| ||spa|| | ||
| 041 | _aESP | ||
| 082 |
_a946.02 _bS23 |
||
| 100 |
_aSánchez Albornoz, Claudio _eAUT |
||
| 245 | 0 |
_aOrígenes de la nación española. El reino de Asturias: _bestudios críticos sobre la historia del reino de Asturias (selección) |
|
| 260 | _c1985 | ||
| 300 |
_a354 páginas : _c20 cm. |
||
| 650 | _aGEN | ||
| 654 | _aCHU | ||
| 942 |
_cLIB _dJUS _fJUS _2ddc _n |
||
| 999 |
_c10648 _d10648 |
||